LEADER 02007nam0 22005173i 450 001 VAN00298048 005 20260309125715.522 017 70$2N$a9780817649197 100 $a20250911d1998 |0itac50 ba 101 $aeng 102 $aUS 105 $a|||| ||||| 181 $ai$b e 182 $ab 183 $acr 200 1 $aComplex analysis$efundamentals of the classical theory of functions$fJohn Stalker 210 $aBoston$cSpringer$cBirkhäuser$d1998 215 $aXI, 228 p.$cill.$d25 cm 500 1$3VAN00302999$aComplex analysis$9230246 606 $a30-XX$xFunctions of a complex variable [MSC 2020]$3VANC020785$2MF 606 $a33-XX$xSpecial functions [MSC 2020]$3VANC022590$2MF 606 $a33E05$xElliptic functions and integrals [MSC 2020]$3VANC021871$2MF 610 $aCalculus$9KW:K 610 $aComplex Analysis$9KW:K 610 $aContour integration$9KW:K 610 $aEinstein Series$9KW:K 610 $aEuler-Maclaurin summation$9KW:K 610 $aFunctions$9KW:K 610 $aGamma functions$9KW:K 610 $aHypergeometric functions$9KW:K 610 $aMathematics$9KW:K 610 $aMetamorphic Functions$9KW:K 610 $aStirling's Series$9KW:K 610 $aVariables Whittaker Function$9KW:K 620 $dBoston$3VANL000051 700 1$aStalker$bJohn$3VANV039878$0472356 712 $aBirkhäuser $3VANV108193$4650 712 $aSpringer $3VANV108073$4650 801 $aIT$bSOL$c20260313$gRICA 856 4 $uhttps://doi.org/10.1007/978-0-8176-4919-7$zE-book ? Accesso al full-text attraverso riconoscimento IP di Ateneo, proxy e/o Shibboleth 899 $aBIBLIOTECA DEL DIPARTIMENTO DI MATEMATICA E FISICA$1IT-CE0120$2VAN08 912 $fN 912 $aVAN00298048 950 $aBIBLIOTECA DEL DIPARTIMENTO DI MATEMATICA E FISICA$d08DLOAD e-Book 12616 $e08eMF12616 20251021 996 $aComplex analysis$9230246 997 $aUNICAMPANIA